| 000 | 00898nas a2200265 4500 | ||
|---|---|---|---|
| 001 | BR9200686 | ||
| 003 | BR-BrBNA | ||
| 005 | 20231205092307.0 | ||
| 007 | ta | ||
| 008 | 230509b bl.|||p| |||| 00| 00por d | ||
| 040 |
_aBR-BrBNA _bpor _cBiblioteca Nacional de Agricultura |
||
| 041 | _a(Pt) | ||
| 072 | _aH20 | ||
| 100 | 1 | _aPitta, G.P.B. | |
| 100 | 1 | _aSouza, T.M.W. de | |
| 100 | 1 | _aFeichtenberger, E. | |
| 245 | 1 | _aPodridao negra em inflorescencia e folha de Anthurium andraeanum causada por Phytophthora citrophthora | |
| 246 | 1 | _aBlack rot in inflorescences and leaves of Anthurium andraeanum caused by Phytophthora citrophthora | |
| 650 | _aANTURIO | ||
| 650 | _aFUNGO | ||
| 650 | _aPODRIDAO NEGRA | ||
| 773 | 0 |
_tSumma Phytopathologica (Brazil) _xISSN 0100-5405 _g(Apr-Jun 1991), v. 17(2) p. 159-163 _wBR9200686 |
|
| 909 |
_a202311 _bLúcia _c55 _dLúcia Elande |
||
| 942 |
_2AGRIS _n0 _cANA |
||
| 999 |
_c130714 _d130714 |
||